00986 a2200217 4500003000500000005001700005010001600022020002800038040000900066082001700075100002300092245008300115260003500198300003500233505034100268650002400609650004800633650003100681650003600712700002000748NUST20221224155102.0 a 99052312 a0890065306 (alk. paper) cNust00a621.3845,VAN1 a van. Richard Nee 10aOFDM for wireless multimedia communications /cRichard van Nee, Ramjee Prasad. aBoston :bArtech House,c2000. axvii, 260 p. :bill. ;c24 cm. aIntroduction (Page-1), OFDM Basics (Page-33), Coding And Modulation (Page-51), Synchronization (Page-73), Coherent And Differential Detection (Page-95), The Peak Power Problem (Page-119), Basics Of CDMA (Page-155), Multi-Carrier CDMA (Page-179), Orthogonal Frequency Division Multiple Access (Page-213), Applications Of OFDM (Page-229). 0aMultimedia systems. 0aOrthogonal frequency division multiplexing. 0aOrthogonalization methods. 0aWireless communication systems.1 aPrasad, Ramjee.